01227nam a22002177a 4500003001700000005001700017008004100034020001800075040000700093041001200100082001800112100001700130245004900147260004200196300002800238365002300266520065800289650003600947700001200983700001400995St Aloysius Coll20260422185301.0260421b |||||||| |||| 00| 0 eng d a9789358381894 cAL aEnglish a630.954bHANA aBasil Hans V aAgriculture in india past present and future aAstitva PrakashanbChhattisgrahc2025 ax, 178p,bPBc22.7x15cm 2Generald₹352.00 a“Agriculture in India Past Present and Future” provides a detailed exploration of India’s agricultural journey, from ancient irrigation and crop diversification to the Green Revolution. It examines historical farming techniques, the evolution of agricultural policies, and the socio-economic effects on rural and urban populations. The book also addresses current challenges faced by farmers, including climate change and technological advancements. Looking ahead, it discusses future prospects for food security and sustainability, highlighting the role of contemporary technologies in shaping the future of Indian agriculture. About the Author  2Indian SubcontinentaTechnology aDevi, R aSona, H C